La crisis del Estado y su necesaria transformación (Record no. 55951)

MARC details
000 -LEADER
campo de control de longitud fija 00706nam a2200193 i 4500
001 - NÚMERO DE CONTROL
campo de control 55951
003 - IDENTIFICADOR DE NÚMERO DE CONTROL
campo de control ES-MaACL
005 - FECHA Y HORA DE LA ÚLTIMA TRANSACCIÓN
campo de control 20250830095353.0
007 - CAMPO FIJO DE DESCRIPCIÓN FÍSICA--INFORMACIÓN GENERAL
campo de control de longitud fija t|
008 - DATOS DE LONGITUD FIJA--INFORMACIÓN GENERAL
campo de control de longitud fija 030930s1915 sp ||||1| spa d
100 1# - ENTRADA PRINCIPAL--NOMBRE DE PERSONA
Nombre de persona Díaz Fernández, Valero.
9 (RLIN) 44278
245 13 - MENCIÓN DEL TÍTULO
Título La crisis del Estado y su necesaria transformación
Resto del título : conferencia rechazada por la Junta Directiva del Ateneo de Madrid, y que se leerá en la sesión inaugural del Ateneo popular /
Mención de responsabilidad, etc. Valero Díaz Fernández.
260 ## - PUBLICACIÓN, DISTRIBUCIÓN, ETC.
Lugar de publicación, distribución, etc. Madrid :
Nombre del editor, distribuidor, etc. Cleto Vallinas,
Fecha de publicación, distribución, etc. 1915.
300 ## - DESCRIPCIÓN FÍSICA
Extensión 65 p. ;
Dimensiones 19 cm.
650 07 - PUNTO DE ACCESO ADICIONAL DE MATERIA--TÉRMINO DE MATERIA
Término de materia o nombre geográfico como elemento de entrada Estado
Fuente del encabezamiento o término embne
9 (RLIN) 12523
710 2# - ENTRADA AGREGADA--NOMBRE DE ENTIDAD CORPORATIVA
Nombre de entidad corporativa o nombre de jurisdicción como elemento de entrada Ateneo de Madrid.
9 (RLIN) 1875
852 ## - LOCALIZACIÓN
Ubicación ES-MaACL
Número de control de estantería T-1444-F-3
Holdings
Estatus retirado Estado de pérdida Estado de daño No para préstamo Colección Biblioteca de origen Biblioteca actual Ubicación en estantería Fecha de adquisición Fuente de adquisición Total de préstamos Signatura topográfica completa Código de barras Visto por última vez Precio de reemplazo Tipo de ítem Koha
        Colección de folletos Biblioteca del Ateneo de Madrid Biblioteca del Ateneo de Madrid Depósito folletos 17/01/2008     T-1444-F-3 1058772 23/02/2023 23/02/2023 Folleto